000 00693nam0a22002291 4500
001 v19\rc\1209547
005 20250617220110.0
035 _a(NLR Aleph) 004373443
090 _a3530340
_c3530340
100 _a20060306d1870 |||y0rusy50 ca
101 0 _arus
102 _aRU
105 _ay z |||||
200 1 _aИнструкция начальникам станций
_fЗемская Тамбовско-Саратовская ж. д.
210 _aСанкт-Петербург
_dценз. 1870
215 _a20 с.
309 _aБез тит. л. и обл.
801 0 _aRU
_bNLR
_gpsbo
801 1 _aRU
_bProSoft-M
_2rusmarc
852 _aNLR
_j18.126.6.200
942 _cBOOK
980 _aNB